000 00343nam a22001457a 4500
008 221124b ||||| |||| 00| 0 eng d
020 _a9781285451312
041 _aeng
080 _2FOURTH EDITION
_a616.073
082 _a616.073AAP
100 _a12
101 _aRADIO
245 _aOFFICIAL CPC CERTIFICATION
_cABEL K
942 _2udc
_cBK
999 _c59018
_d59018